| 000 | 00388nam a22001337a 4500 | ||
|---|---|---|---|
| 999 |
_c61821 _d61821 |
||
| 005 | 20181102144707.0 | ||
| 020 |
_a8188951080 _c150.00 |
||
| 035 | _aB-228912 ,B-228930 | ||
| 245 | _aAdvanced course in computer science / | ||
| 260 |
_aNew Delhi _bGBD Books _c2005 |
||
| 300 |
_avarious pages _c24 cms. |
||
| 942 |
_2ddc _cEN _h004 _mGBD |
||